Zdobywcy Kryształowej Kuli w skokach narciarskich - Statystyki

Ogólne statystyki
  • Ten quiz został rozwiązany 2 809 razy
  • Średni wynik to 16 z 33
Statystyki odpowiedzi
Hint Odpowiedź % Poprawnych
2013/2014 Kamil Stoch
99%
2000/2001 Adam Małysz
96%
2001/2002 Adam Małysz
96%
2002/2003 Adam Małysz
96%
2006/2007 Adam Małysz
96%
2015/2016 Peter Prevc
81%
2016/2017 Stefan Kraft
78%
2003/2004 Janne Ahonen
72%
2004/2005 Janne Ahonen
72%
2008/2009 Gregor Schlierenzauer
66%
2012/2013 Gregor Schlierenzauer
66%
2014/2015 Severin Freund
61%
2007/2008 Thomas Morgenstern
61%
2010/2011 Thomas Morgenstern
61%
2011/2012 Anders Bardal
46%
2005/2006 Jakub Janda
46%
1998/1999 Martin Schmitt
43%
1999/2000 Martin Schmitt
43%
1984/1985 Matti Nykanen
40%
1985/1986 Matti Nykanen
40%
1987/1988 Matti Nykanen
40%
1996/1997 Primoz Peterka
34%
1997/1998 Primoz Peterka
34%
2009/2010 Simon Ammann
34%
1992/1993 Andreas Goldberger
29%
1994/1995 Andreas Goldberger
29%
1995/1996 Andreas Goldberger
29%
1991/1992 Toni Nieminen
12%
1993/1994 Espen Bredesen
11%
1990/1991 Andreas Felder
10%
1988/1989 Jan Boklov
8%
1989/1990 Ari-Pekka Nikkola
6%
1986/1987 Vegard Opaas
4%
Nie znaleziono quizów pasujących do podanych kryteriów
Rozkład punktacji
Procent ludzi z każdym wynikiem
Percentyl według liczby udzielonych odpowiedzi
Twoja historia wyników
Nie rozwiązałeś tego quizu